Export management (Record no. 2573)

MARC details
000 -LEADER
fixed length control field 00513nam a22001457a 4500
020 ## - INTERNATIONAL STANDARD BOOK NUMBER
ISBN 8125909397
050 ## - CALL NUMBER
Classification number HF1009.5.K14 KAP
100 ## - AUTHOR
Personal name D. C. KAPOOR
245 ## - TITLE
Title Export management
Statement of responsibility, etc D. C. KAPOOR
260 ## - PUBLICATION INFORMATION
Place of publication New Delhi
Name of publisher Vikas Pub.
Year of publication 2006
300 ## - DESCRIPTION
Number of Pages v, 528p.
505 ## - FORMATTED CONTENTS NOTE
Table of Content 1. Why export<br/>2. What is exporting<br/>3. Trends in India's foreign trade<br/>4. Institutional framework and export promotion<br/>5. Eport promotion measures<br/>6. Profile of the European union
650 ## - SUBJECTS
Topical Term Export management
942 ## - ADDED ENTRY ELEMENTS (KOHA)
Koha item type Books
Holdings
Withdrawn status Lost status Collection code Home library Current library Shelving location Date acquired Full call number Accession Number Koha item type
    Non-fiction Methodist University Library Main Methodist University Library Main General Stacks 16/11/2017 HF1009.5.K14 KAP 29974 Books
    Non-fiction Methodist University Library Main Methodist University Library Main General Stacks 16/11/2017 HF1009.5.K14 KAP 29233 Books
Copyright © 2026  MUG Library